000 00313nam a22001337a 4500
008 180904b xxu||||| |||| 00| 0 eng d
020 _a0471064793
041 _aeng
080 _a004
100 _a28
101 _aSHKI
245 _aMaintaining and Troubleshooting HPLC Systems
_cRunser, D.J
942 _2udc
_cBK
999 _c47520
_d47520